Bytový dom

Uložené v:
Podrobná bibliografia
Hlavný autor: Ďurický, Radoslav, 1985- (Autor)
Ďalší autori: Antošová, Naďa, 1967- (Vedúci práce)
Médium: Rukopis Kniha
Jazyk:Slovak
Vydavateľské údaje: Bratislava : STU v Bratislave SvF, 2010
Predmet:
On-line prístup:VAIS
Tagy: Pridať tag
Žiadne tagy, Buďte prvý, kto otaguje tento záznam!

MARC

LEADER 00000ntm a22000003a 4500
001 stu216254
005 20160721135405.2
008 101113s2010----xo------------------slo-d
040 |a STU  |b slo 
041 0 |a slo 
044 |a xo 
100 1 |a Ďurický, Radoslav,  |d 1985-  |4 aut  |X 30289  |7 A000030289 
242 0 0 |a Residential house  |y eng 
245 1 |a Bytový dom 
260 |a Bratislava :  |b STU v Bratislave SvF,  |c 2010 
650 7 |a technológie a manažérstvo stavieb  |2 stusub 
650 7 |a Building Technologies and Management  |2 estusub 
650 7 |a výstavba  |2 stusub 
650 7 |a montáž  |2 stusub 
650 7 |a construction  |2 estusub 
700 1 |a Antošová, Naďa,  |d 1967-  |4 ths  |u V270  |U SvF Stavebná fakulta  |T SvF Katedra technológie stavieb  |X 3720  |U V270  |Y 28  |7 A000003720 
856 4 |a info a plný text  |u http://is.stuba.sk/zp/portal_zp.pl?podrobnosti=53203  |3 VAIS